Statistics for Hide.io Maps

Click here to take the quiz!

General Stats

  • This quiz has been taken 3 times
  • The average score is 14 of 39

Answer Stats

#Hide.io Map% Correct
1.Office
100%
7.Dungeon
67%
14.Farm
67%
2.House
67%
24.House 2
67%
25.Office 2
67%
12.School
67%
4.Shop
67%
16.Stadium
67%
20.Villa
67%
6.Village
67%
13.Airport
33%
26.Bank
33%
15.Beach
33%
10.Castle
33%
29.City
33%
28.Cooking class
33%
5.Demolition
33%
18.Hospital
33%
33.House 3
33%
17.Mart
33%
31.Office 3
33%
32.Office 4
33%
34.Police station
33%
35.Restaurant
33%
11.Sewer
33%
19.Space station
33%
9.Street
33%
21.Tavern
33%
30.Village 2
33%
-Block World
0%
38.Camp2
0%
8.Construction Site
0%
22.Desert Village
0%
37.Industry
0%
23.Island
0%
3.Military Base
0%
36.Playground
0%
27.Studio
0%

Score Distribution

Percentile by Number Answered

Percent of People with Each Score

Your Score History

You have not taken this quiz